[Event "Titled Tuesday intern op 23rd Jan Late"]
[Site "Chess.com INT"]
[Date "2024.01.23"]
[Round "11"]
[White "Pourkashiyan, Atousa"]
[Black "Nita, Lucian"]
[Result "0-1"]
[WhiteElo "2270"]
[BlackElo "2134"]
[PlyCount "154"]
[EventDate "2024.01.23"]
[EventType "swiss (blitz)"]
[EventRounds "11"]
[EventCountry "USA"]
[SourceTitle "CB05_2024"]
[SourceDate "2024.01.31"]
[SourceVersion "1"]
[SourceVersionDate "2024.01.31"]
[SourceQuality "1"]

1. d4 d6 2. e4 Nf6 3. Nc3 e5 4. Nf3 Nbd7 5. Bc4 Be7 6. 0-0 0-0 7. h3 c6 8. a4 a5 9. Re1 Nb6 10. Ba2 Nfd7 11. Be3 exd4 12. Bxd4 Nc5 13. Bxc5 dxc5 14. Qe2 Qd6 15. Rad1 Qg6 16. Ne5 Qg5 17. Nf3 Qg6 18. Kh1 Nd7 19. Qe3 Re8 20. Rxd7 Bxd7 21. Ne5 Bg5 22. Qg3 Rxe5 23. Qxe5 Re8 24. Qc7 Bc8 25. Qxa5 Be7 26. Qc7 Bd6 27. Qb6 Qf6 28. Nd1 Bxh3 29. Qxb7 Bc8 30. Qxf7+ Qxf7 31. Bxf7+ Kxf7 32. f3 Be5 33. c3 c4 34. Ne3 Be6 35. Kg1 Ra8 36. Ra1 Rb8 37. Ra2 Bf4 38. Kf2 Bxe3+ 39. Kxe3 c5 40. a5 Ra8 41. a6 Ra7 42. Ra5 Bc8 43. Rxc5 Bxa6 44. Rc6 h6 45. Rb6 Bb7 46. Rb4 Ba8 47. Rxc4 Rb7 48. b4 Ra7 49. Rc5 Ke7 50. b5 Kd6 51. Rf5 Rc7 52. Kd4 Bb7 53. c4 Bc8 54. c5+ Ke6 55. Re5+ Kf6 56. b6 Rc6 57. Rd5 Be6 58. Rd6 Rxd6+ 59. cxd6 Bc8 60. b7 Bxb7 61. e5+ Ke6 62. Ke3 Bc6 63. g3 Kxe5 64. f4+ Kxd6 65. Kd4 Ke7 66. Ke5 Bd7 67. f5 Kf7 68. g4 Be8 69. Kf4 Kf6 70. Kf3 Bc6+ 71. Kf4 Bd5 72. Kg3 Kg5 73. Kh3 Bf3 74. Kg3 Bxg4 75. Kf2 Bxf5 76. Kg1 Kf4 77. Kh1 Kg3 0-1

[Event "Bucharest Super Rapid op"]
[Site "Bucharest"]
[Date "2022.04.30"]
[Round "3"]
[White "Nita, Lucian"]
[Black "Manolache, Marius"]
[Result "0-1"]
[WhiteElo "2140"]
[BlackElo "2481"]
[PlyCount "54"]
[EventDate "2022.04.30"]
[EventType "swiss (rapid)"]
[EventRounds "10"]
[EventCountry "ROU"]
[SourceTitle "CBM 208 Extra"]
[Source "ChessBase"]
[SourceDate "2022.07.31"]
[SourceVersion "1"]
[SourceVersionDate "2022.07.31"]
[SourceQuality "1"]

1. e4 c5 2. Nf3 e6 3. Be2 Nc6 4. 0-0 Nf6 5. d3 Be7 6. c3 0-0 7. Nbd2 d5 8. e5 Nd7 9. d4 Qb6 10. Nb3 a5 11. a4 f6 12. exf6 Bxf6 13. dxc5 Nxc5 14. Nxc5 Qxc5 15. Be3 Qd6 16. Bg5 e5 17. Bxf6 Rxf6 18. Qb3 e4 19. Nd4 Rh6 20. g3 Qd7 21. Rfd1 Nxd4 22. cxd4 Qh3 23. Qxd5+ Be6 24. Qxe4 Qxh2+ 25. Kf1 Rf8 26. Bf3 Bc4+ 27. Ke1 Re6 0-1

[Event "ROM-chT"]
[Site "Mamaia"]
[Date "2021.10.07"]
[Round "8.3"]
[White "Nita, Lucian"]
[Black "Bulau, Andrei Cristian"]
[Result "1-0"]
[WhiteElo "2183"]
[BlackElo "2186"]
[PlyCount "29"]
[EventDate "2021.10.02"]
[EventType "team-tourn"]
[EventRounds "11"]
[EventCountry "ROU"]
[SourceTitle "CBM 204 Extra"]
[Source "ChessBase"]
[SourceDate "2021.11.30"]
[SourceVersion "1"]
[SourceVersionDate "2021.11.30"]
[SourceQuality "1"]
[WhiteTeam "Targoviste"]
[BlackTeam "Urziceni Viitorul"]
[WhiteTeamCountry "ROU"]
[BlackTeamCountry "ROU"]

1. e4 e6 2. d3 c5 3. Nf3 Nc6 4. g3 b6 5. Bg2 Bb7 6. 0-0 Be7 7. Re1 d6 8. c3 Nf6 9. d4 d5 10. e5 Ne4 11. Nbd2 cxd4 12. cxd4 Nb4 13. a3 Nd3 14. Re2 0-0 15. Ne1 1-0

[Event "ROM-chT"]
[Site "Mamaia"]
[Date "2021.10.05"]
[Round "5.4"]
[White "Manea, Alexandru"]
[Black "Nita, Lucian"]
[Result "1-0"]
[WhiteElo "2339"]
[BlackElo "2183"]
[PlyCount "79"]
[EventDate "2021.10.02"]
[EventType "team-tourn"]
[EventRounds "11"]
[EventCountry "ROU"]
[SourceTitle "CBM 204 Extra"]
[Source "ChessBase"]
[SourceDate "2021.11.30"]
[SourceVersion "1"]
[SourceVersionDate "2021.11.30"]
[SourceQuality "1"]
[WhiteTeam "Baia Mare Municipiului"]
[BlackTeam "Targoviste"]
[WhiteTeamCountry "ROU"]
[BlackTeamCountry "ROU"]

1. d4 Nf6 2. Nf3 d6 3. c4 Nbd7 4. Nc3 e5 5. g3 c6 6. Bg2 Be7 7. 0-0 0-0 8. Qc2 Qc7 9. Rd1 Re8 10. b3 Bf8 11. d5 cxd5 12. Rxd5 Nxd5 13. Nxd5 Qd8 14. Ng5 g6 15. Ne4 Be7 16. Qd1 Rb8 17. h4 f6 18. Nxe7+ Qxe7 19. Nxd6 Rf8 20. Bh6 Nc5 21. Qd5+ Ne6 22. Bxf8 Kxf8 23. Nxc8 Rxc8 24. Qxb7 Rc7 25. Qa8+ Kg7 26. Rd1 Qa3 27. Qd5 Nc5 28. Qd8 Ne6 29. Qd6 Qxd6 30. Rxd6 Nd4 31. e3 Ne2+ 32. Kf1 Nc3 33. Rd2 a5 34. Rc2 Nb1 35. Ke1 Na3 36. Rd2 Kf7 37. Rd6 Nb1 38. Bd5+ Ke7 39. Re6+ Kd7 40. Rxf6 1-0

[Event "Titled Tuesday intern op 01st Dec"]
[Site "Chess.com INT"]
[Date "2020.12.01"]
[Round "5"]
[White "Pertinez Soria, Juan Luis"]
[Black "Nita, Lucian"]
[Result "0-1"]
[WhiteElo "2165"]
[BlackElo "2183"]
[PlyCount "70"]
[EventDate "2020.12.01"]
[EventType "swiss (blitz)"]
[EventRounds "11"]
[EventCountry "USA"]
[SourceTitle "CBM 199 Extra"]
[Source "ChessBase"]
[SourceDate "2021.01.31"]
[SourceVersion "1"]
[SourceVersionDate "2021.01.31"]
[SourceQuality "1"]

1. d4 d6 2. Nf3 Nd7 3. Nc3 e5 4. e4 Ngf6 5. Bc4 Be7 6. 0-0 0-0 7. Be3 c6 8. a4 a5 9. h3 Nb6 10. Bb3 Nfd7 11. Qe2 exd4 12. Nxd4 Nc5 13. Rfe1 Nxb3 14. cxb3 d5 15. e5 Be6 16. f4 g6 17. g4 c5 18. Nxe6 fxe6 19. Nb5 d4 20. Bd2 Nd5 21. Rf1 b6 22. Rae1 Qd7 23. Kh2 Rae8 24. Rf3 Bh4 25. Rg1 Bd8 26. Nd6 Re7 27. f5 exf5 28. Bh6 Qxd6 29. Bxf8 Kxf8 30. gxf5 Rxe5 31. Qxe5 Qxe5+ 32. Rgg3 gxf5 33. Kg2 Ne3+ 34. Kf2 Nd1+ 35. Kf1 Bh4 0-1

[Event "Titled Tuesday intern op 01st Dec"]
[Site "Chess.com INT"]
[Date "2020.12.01"]
[Round "10"]
[White "Urh, Zala"]
[Black "Nita, Lucian"]
[Result "1-0"]
[WhiteElo "2149"]
[BlackElo "2183"]
[PlyCount "57"]
[EventDate "2020.12.01"]
[EventType "swiss (blitz)"]
[EventRounds "11"]
[EventCountry "USA"]
[SourceTitle "CBM 199 Extra"]
[Source "ChessBase"]
[SourceDate "2021.01.31"]
[SourceVersion "1"]
[SourceVersionDate "2021.01.31"]
[SourceQuality "1"]

1. d4 d6 2. Nf3 Nd7 3. c4 e5 4. Nc3 Be7 5. g3 Ngf6 6. Bg2 0-0 7. 0-0 a6 8. Qc2 Rb8 9. Rd1 exd4 10. Nxd4 Nc5 11. b4 Ne6 12. Nf5 Re8 13. Nxe7+ Qxe7 14. Bb2 b5 15. cxb5 axb5 16. a3 Bb7 17. Bxb7 Rxb7 18. Qd3 Reb8 19. Nd5 Nxd5 20. Qxd5 Rb6 21. Rac1 c5 22. bxc5 dxc5 23. Qe5 b4 24. f4 Qc7 25. f5 Qxe5 26. Bxe5 bxa3 27. Bxb8 Nd4 28. Rxd4 Rxb8 29. Ra4 1-0

[Event "Titled Tuesday intern op 15th Sept"]
[Site "Chess.com INT"]
[Date "2020.09.15"]
[Round "8"]
[White "Romanchuk, Viktor"]
[Black "Nita, Lucian"]
[Result "1-0"]
[WhiteElo "2258"]
[BlackElo "2183"]
[PlyCount "83"]
[EventDate "2020.09.15"]
[EventType "swiss (blitz)"]
[EventRounds "10"]
[EventCountry "USA"]
[SourceTitle "CBM 198 Extra"]
[Source "ChessBase"]
[SourceDate "2020.11.30"]
[SourceVersion "1"]
[SourceVersionDate "2020.11.30"]
[SourceQuality "1"]

1. d4 d6 2. c4 e5 3. Nc3 Nf6 4. Nf3 exd4 5. Nxd4 Bd7 6. g3 Nc6 7. Bg2 Nxd4 8. Qxd4 Bc6 9. 0-0 Bxg2 10. Kxg2 Be7 11. b3 0-0 12. Bb2 c6 13. Rad1 Qb6 14. e4 Qxd4 15. Rxd4 Rfd8 16. Rfd1 Ne8 17. f3 Bf6 18. R4d2 Bxc3 19. Bxc3 Kf8 20. e5 Ke7 21. exd6+ Kf8 22. d7 Nf6 23. Bb4+ Kg8 24. Be7 a5 25. g4 h6 26. h4 Nh7 27. Re1 Nf6 28. Bxd8 Rxd8 29. Re5 Kf8 30. Rxa5 Nxd7 31. Ra7 Ke7 32. Rxb7 c5 33. a3 Ke6 34. Rdxd7 Rxd7 35. Rxd7 Kxd7 36. b4 Kc6 37. Kf2 Kd6 38. Ke3 Kc6 39. Ke4 Kd6 40. b5 Kc7 41. Kd5 Kb6 42. h5 1-0

[Event "ROM-chT"]
[Site "Baile Govora"]
[Date "2017.11.17"]
[Round "7.1"]
[White "Balla, Tamas Kristof"]
[Black "Nita, Lucian"]
[Result "0-1"]
[WhiteElo "2359"]
[BlackElo "2190"]
[PlyCount "108"]
[EventDate "2017.11.11"]
[EventType "team-tourn"]
[EventRounds "9"]
[EventCountry "ROU"]
[SourceTitle "CBM 181 Extra"]
[Source "ChessBase"]
[SourceDate "2017.12.12"]
[SourceVersion "1"]
[SourceVersionDate "2017.12.12"]
[SourceQuality "1"]
[WhiteTeam "Arad Vados"]
[BlackTeam "Targoviste"]
[WhiteTeamCountry "ROU"]
[BlackTeamCountry "ROU"]

1. e4 d6 2. d4 Nf6 3. f3 e5 4. d5 c6 5. c4 b5 6. dxc6 bxc4 7. Bxc4 Nxc6 8. Be3 Be6 9. Bb5 Qa5+ 10. Nc3 Bd7 11. Qa4 Qxa4 12. Bxa4 Be7 13. Nge2 Nb4 14. Bxd7+ Kxd7 15. 0-0-0 Rhc8 16. Kb1 Rc6 17. g4 Bd8 18. g5 Ne8 19. f4 Ke6 20. a3 Na6 21. b4 Rc4 22. f5+ Kd7 23. Rc1 Nac7 24. Kb2 d5 25. exd5 Nd6 26. Ng3 a5 27. Bc5 axb4 28. axb4 Bxg5 29. Ra1 Rxa1 30. Rxa1 Bd2 31. Na4 Nxd5 32. Rd1 Bxb4 33. Rxd5 Bxc5 34. Nxc5+ Kc6 35. Rxd6+ Kxd6 36. Nce4+ Kd5 37. f6 gxf6 38. Nxf6+ Ke6 39. Nxh7 Rg4 40. Nf8+ Ke7 41. Nh7 f6 42. Kc3 Kf7 43. Kd3 Rh4 44. Nxf6 Kxf6 45. Ke3 Rxh2 46. Ne4+ Ke7 47. Ng5 Rg2 48. Ne4 Ra2 49. Nc5 Kd6 50. Ne4+ Ke6 51. Nd2 Kd5 52. Nf3 Ra3+ 53. Ke2 Rxf3 54. Kxf3 Kd4 0-1

[Event "ROM-chT"]
[Site "Baile Govora"]
[Date "2017.11.12"]
[Round "2.1"]
[White "Nita, Lucian"]
[Black "Dragomirescu, Robin Alexandru"]
[Result "1/2-1/2"]
[WhiteElo "2190"]
[BlackElo "2369"]
[PlyCount "69"]
[EventDate "2017.11.11"]
[EventType "team-tourn"]
[EventRounds "9"]
[EventCountry "ROU"]
[SourceTitle "CBM 181 Extra"]
[Source "ChessBase"]
[SourceDate "2017.12.12"]
[SourceVersion "1"]
[SourceVersionDate "2017.12.12"]
[SourceQuality "1"]
[WhiteTeam "Targoviste"]
[BlackTeam "Timisoara Vest Univ"]
[WhiteTeamCountry "ROU"]
[BlackTeamCountry "ROU"]

1. e4 c5 2. Nf3 Nc6 3. d3 g6 4. g3 Bg7 5. Bg2 e5 6. c4 Nge7 7. Nc3 d6 8. Rb1 0-0 9. Nd5 f5 10. h3 Nxd5 11. cxd5 Nd4 12. Nxd4 cxd4 13. Bd2 f4 14. gxf4 Qh4 15. Qe2 Bd7 16. Bb4 Rxf4 17. Bxd6 Rc8 18. Rd1 a5 19. b3 h5 20. Ba3 Qg5 21. Kf1 Rf7 22. h4 Qe3 23. Rd2 Bg4 24. f3 Bxf3 25. Bxf3 Rxf3+ 26. Ke1 Qf4 27. Rf1 Qxh4+ 28. Kd1 Re3 29. Qg2 Rg3 30. Be7 Qg4+ 31. Qe2 Qd7 32. Qf2 Qg4+ 33. Qe2 Qd7 34. Qf2 Qg4+ 35. Qe2 1/2-1/2

[Event "ROM-chT2"]
[Site "Calimanesti"]
[Date "2014.11.15"]
[Round "8.3"]
[White "Manescu, Tiberiu"]
[Black "Nita, Lucian"]
[Result "1-0"]
[WhiteElo "2393"]
[BlackElo "2171"]
[PlyCount "99"]
[EventDate "2014.11.08"]
[EventType "team-tourn"]
[EventRounds "9"]
[EventCountry "ROU"]
[SourceTitle "CBM 163 Extra"]
[Source "ChessBase"]
[SourceDate "2014.12.23"]
[SourceVersion "1"]
[SourceVersionDate "2014.12.23"]
[SourceQuality "1"]
[WhiteTeam "Resita Muncitorul"]
[BlackTeam "Targoviste University"]
[WhiteTeamCountry "ROU"]
[BlackTeamCountry "ROU"]

1. e4 d6 2. d4 Nf6 3. Nc3 Nbd7 4. Nf3 e5 5. Be2 Be7 6. 0-0 0-0 7. Re1 Re8 8. h3 c6 9. a4 exd4 10. Nxd4 Nc5 11. Bf3 a5 12. Kh2 Qb6 13. g3 Ne6 14. Be3 Nxd4 15. Bxd4 Qc7 16. Bg2 Be6 17. f4 Rad8 18. g4 Nd7 19. Qd2 Bh4 20. Bf2 Bxf2 21. Qxf2 Qb6 22. Qxb6 Nxb6 23. Rad1 f6 24. b3 Kf8 25. Rd2 Ke7 26. Ne2 Nd7 27. Red1 Nc5 28. Ng3 g6 29. Bf3 Bg8 30. Ne2 Ne6 31. h4 h6 32. f5 Nf8 33. Kg3 g5 34. h5 Rd7 35. Kf2 Rb8 36. c4 Rdd8 37. Nc3 Bf7 38. Ke3 Be8 39. Be2 Bf7 40. Bf3 Rbc8 41. Be2 Ra8 42. Kf2 Rac8 43. Ke3 c5 44. Bf3 Ra8 45. Nb5 Ra6 46. Bg2 Nd7 47. Bf3 Ne5 48. Be2 Rb6 49. Kf2 Be8 50. Ke3 1-0

[Event "ROM-chT2"]
[Site "Calimanesti"]
[Date "2014.11.10"]
[Round "3.3"]
[White "Nita, Lucian"]
[Black "Levay, Sorin"]
[Result "1/2-1/2"]
[WhiteElo "2171"]
[BlackElo "2354"]
[PlyCount "95"]
[EventDate "2014.11.08"]
[EventType "team-tourn"]
[EventRounds "9"]
[EventCountry "ROU"]
[SourceTitle "CBM 163 Extra"]
[Source "ChessBase"]
[SourceDate "2014.12.23"]
[SourceVersion "1"]
[SourceVersionDate "2014.12.23"]
[SourceQuality "1"]
[WhiteTeam "Targoviste University"]
[BlackTeam "Satu Mare Apollo"]
[WhiteTeamCountry "ROU"]
[BlackTeamCountry "ROU"]

1. e4 c5 2. Nf3 Nc6 3. g3 d5 4. exd5 Qxd5 5. Bg2 Qe6+ 6. Qe2 Qxe2+ 7. Kxe2 Bg4 8. c3 0-0-0 9. d3 Ne5 10. Rd1 Nf6 11. Bf4 Nxf3 12. Bxf3 h5 13. Nd2 Nd5 14. Be3 e6 15. h4 Be7 16. Nc4 Nxe3 17. Nxe3 Bxf3+ 18. Kxf3 Bf6 19. a4 Kc7 20. Nc4 Rd5 21. Ke4 g5 22. hxg5 Rxg5 23. Rh1 h4 24. Rxh4 Rxh4+ 25. gxh4 Rg4+ 26. Kf3 Rxh4 27. Rg1 Rh3+ 28. Rg3 Rxg3+ 29. Kxg3 Kc6 30. Kf4 Kd5 31. Ne3+ Kd6 32. Ke4 Bg7 33. Nc4+ Kd7 34. d4 f5+ 35. Kd3 cxd4 36. cxd4 Kc6 37. Ne3 a6 38. b3 b5 39. axb5+ axb5 40. d5+ Kd6 41. dxe6 Kxe6 42. Nc2 Kd5 43. Ne3+ Ke6 44. Nc2 Kd5 45. Ke3 Bh6+ 46. Kd3 Bg7 47. Ne3+ Ke6 48. Nc2 1/2-1/2